Working with wood /

Bibliographic Details
Corporate Author: Time-Life Books
Format: Book
Language:English
Published: Alexandria, Va. : Time-Life Books, 1982
Edition:Rev. ed.
Series:Home repair and improvement.
Subjects:

MARC

Tag First Indicator Second Indicator Subfields
LEADER 00000cam a2200000 i 4500
001 in00000016323
005 20151007052736.0
008 830214c19821979vaua 00110 eng
010 |a  79013460  
020 |a 0809424282 
020 |a 0809424274 (lib. bdg.) 
020 |a 0809424266 (ret. ed.) 
035 |a (OCoLC)09220459 
035 |9 AAA9010AM 
040 |a DLC  |c ZSA  |d TXA  |d UtOrBLW 
049 |a TXAM  |c [A11484824] 
050 0 |a TH5606  |b .T55 
110 2 |a Time-Life Books. 
245 1 0 |a Working with wood /  |c by the editors of Time-Life Books. 
250 |a Rev. ed. 
264 1 |a Alexandria, Va. :  |b Time-Life Books,  |c 1982 
264 4 |c ©1979 
300 |a 128 pages :  |b illustrations ;  |c 26 cm. 
336 |a text  |b txt  |2 rdacontent 
337 |a unmediated  |b n  |2 rdamedia 
338 |a volume  |b nc  |2 rdacarrier 
490 1 |a Home repair and improvement 
500 |a Includes index. 
650 0 |a Carpentry  |v Amateurs' manuals. 
650 0 |a House construction  |v Amateurs' manuals. 
650 0 |a Dwellings  |x Maintenance and repair  |v Amateurs' manuals. 
830 0 |a Home repair and improvement. 
999 |a MARS 
999 f f |s 485c0f69-e443-392e-aee8-b0fcdf8ec445  |i 2f424cd5-acef-351e-956a-6765ff9fd546  |t 0 
952 f f |p normal  |a Texas A&M University  |b College Station  |c Sterling C. Evans Library  |d Evans: Library Stacks  |t 0  |e TH5606 .T55  |h Library of Congress classification  |i unmediated -- volume  |m A14811484824 
998 f f |a TH5606 .T55  |t 0  |l Evans: Library Stacks